000 01111cam a2200385 4500
001 4322715
003 DO-SdBNP
005 20231003111246.0
007 4322715
008 080819s2008 sp 000 f spa
015 _a
017 _a
_b
020 _a9788496693401
035 _a
040 _aBPMSU
_bspa
_c BPMSU
_e
041 1 _aspa
_h
080 _a
082 _a823.8
_bC65d4 2008
_222
100 1 _aConrad, Joseph,
_d1857-1924
240 1 4 _aThe duel
_lEspañol
245 1 4 _aLos duelistas :
_bGaspar Ruiz /
_cJoseph Conrad ; traducción de Frank Schleper, Elena López y Paula Manrique
_h
260 _aMadrid :
_bEl Tercer Nombre,
_c2008.
300 _a237 p. ;
_c21 cm
490 0 _aLecturas para el aperitivo
590 _aInventariado, 2023/VM
650 4 _aNovela inglesa
650 4 _vNovela
_aNovela inglesa Duelo (Combate)
650 4 _aHonor
_vNovela.
700 1 _aSchleper, Frank,
_etr.
700 1 _aLópez Torres, Elena,
_etr.
700 1 _aManrique, Paula,
_etr.
740 0 2 _aGaspar Ruiz
910 _aVMateo V. Control de calidad. BPMSU
942 _2ddc
_cBK
999 _c9200
_d9200